Examina scripturistica in Libros Esdrae, Tobiae, Judith, Esther, et Job, quorum dilucidationes ac resolutiones compendiosè ex SS. Patribus, nec non ex praecipuis S. Scripturae interpretibus sunt desumpta / authore R. P. F. Leonardo à S. Martino, Carmelitâ Discalceato Provinciae Flandro-Belgicae, ac S. Scripturae praelectore, quondam ejusdem Provinciae definitore provinciali. Sensum litteralem complectentia, omnibus in universum, & praesertim verbi dei praeconibus, ac sacerdotibus maximè utilia ac necessaria

Detalles Bibliográficos
Autor principal: Leonard de Saint Martin, O. C. D., 1716-1790
Formato: Libro
Lenguaje:Latin
Publicado: Gandavi : typis Petri de Goesin, S. Caesareae & Regiae Apost. Majest. typographi, 1768.
Materias:
Colección:Banco de datos
Acervo:Seminario Conciliar de Nuestra Señora de Guadalupe Querétaro. Qro.. Biblioteca Florencio Rosas. Fondo Reservado
Descripción Física:[4] h., 383 p. : il. ; 8°
Tema general:Biblia
Notas:Portada tipográfica con escudo de la Orden de los Carmelitas Descalzos en grabado xilográfico. Texto a renglón seguido con paginación en números arábigos, cornisas y signaturas. Incluye escudo de armas en grabado xilográfico. Incluye viñetas finales con motivos florales en grabado xilográfico. Encuadernación en piel sobre cartón con cantos en coral. Marca de fuego: Convento Franciscano de Santa María del Pueblito, Querétaro. Sello en tinta del Seminario Conciliar de Querétaro. Sello en tinta de la Biblioteca del Seminario, Querétaro
LEADER 01692nam a22001810004500
035 |a 965 
041 0 |a lat 
100 1 |a Leonard de Saint Martin, O. C. D., 1716-1790 
245 1 0 |a Examina scripturistica in Libros Esdrae, Tobiae, Judith, Esther, et Job, quorum dilucidationes ac resolutiones compendiosè ex SS. Patribus, nec non ex praecipuis S. Scripturae interpretibus sunt desumpta / authore R. P. F. Leonardo à S. Martino, Carmelitâ Discalceato Provinciae Flandro-Belgicae, ac S. Scripturae praelectore, quondam ejusdem Provinciae definitore provinciali. Sensum litteralem complectentia, omnibus in universum, & praesertim verbi dei praeconibus, ac sacerdotibus maximè utilia ac necessaria 
260 |a Gandavi : typis Petri de Goesin, S. Caesareae & Regiae Apost. Majest. typographi, 1768. 
300 |a [4] h., 383 p. : il. ; 8° 
500 |a Portada tipográfica con escudo de la Orden de los Carmelitas Descalzos en grabado xilográfico. Texto a renglón seguido con paginación en números arábigos, cornisas y signaturas. Incluye escudo de armas en grabado xilográfico. Incluye viñetas finales con motivos florales en grabado xilográfico. Encuadernación en piel sobre cartón con cantos en coral. Marca de fuego: Convento Franciscano de Santa María del Pueblito, Querétaro. Sello en tinta del Seminario Conciliar de Querétaro. Sello en tinta de la Biblioteca del Seminario, Querétaro 
504 |a Al final de la obra está el índice de contenido 
650 1 0 |a Biblia 
949 |a Fondo Reservado: 1443 
942 |c QUER-RES 
943 |g Seminario Conciliar de Nuestra Señora de Guadalupe Querétaro. Qro.. Biblioteca Florencio Rosas. Fondo Reservado 
999 |c 1108629  |d 1108629